[Event "New Player's Tournament"]
[Site "SchemingMind.com"]
[Date "2005.11.02"]
[Round "-"]
[White "mkefeli"]
[Black "MarketTheHay"]
[Result "1-0"]
[WhiteCountry "TUR"]
[BlackCountry "ENG"]
[WhiteElo "2004"]
[WhiteRD "155"]
[BlackElo "1718"]
[BlackRD "173"]
[GameID "29360"]

1. d4 d5 2. Nf3 Nf6 3. g3 c5 4. Bg2 cxd4 5. Nxd4 e5 6. Nf3 Nc6 7. O-O Be7 8. c4 O-O 9. cxd5 Qxd5 10. Qxd5 Nxd5
11. Nxe5 Nxe5 12. Bxd5 Rd8 13. Nc3 Bb4 14. Bg5 Rd6 15. Be7 Rb6 16. Bd8 Rh6 17. Bc7 Bxc3 18. bxc3 Ng4 19. h4 Nf6 20. Bf3 Bh3
21. Rfd1 Rc8 22. Bf4 Rg6 23. h5
1-0

[Event "New Player's Tournament"]
[Site "SchemingMind.com"]
[Date "2005.11.02"]
[Round "-"]
[White "MarketTheHay"]
[Black "mkefeli"]
[Result "1/2-1/2"]
[WhiteCountry "ENG"]
[BlackCountry "TUR"]
[WhiteElo "1718"]
[WhiteRD "173"]
[BlackElo "2004"]
[BlackRD "155"]
[GameID "29361"]

1. c4 e5 2. Nc3 f5 3. d3 Nf6 4. g3 g6 5. Bg2 Bg7 6. e4 c6 7. exf5 gxf5 8. Bg5 O-O 9. Qd2 d6 10. O-O-O Nbd7
11. f4 h6 12. Bh4 Qe8 13. Re1 Qg6 14. Nh3 Ng4 15. Nf2 Nc5 16. Nxg4 fxg4 17. Be4 Bf5 18. Rhf1 Rae8 19. b4 Ne6 20. fxe5 Bxe5
21. Rxf5 Rxf5 22. Bxf5 Qxf5 23. Ne4 Kh7 24. d4 Nxd4 25. Nxd6 Bxd6 26. Rxe8 Qf1+ 27. Kb2 Qxc4 28. Rh8+ Kxh8 29. Qxh6+ Kg8 30. Qg6+ Kf8
31. Qf6+ Ke8 32. Qd8+ Kf7 33. Qf6+ Ke8 34. Qd8+ Kf7 35. Qf6+ Ke8 36. Qd8+ Kf7=
1/2-1/2

[Event "New Player's Tournament"]
[Site "SchemingMind.com"]
[Date "2005.11.07"]
[Round "-"]
[White "OmarRodrigoBerumen"]
[Black "mkefeli"]
[Result "0-1"]
[WhiteCountry "MEX"]
[BlackCountry "TUR"]
[WhiteElo "1393"]
[WhiteRD "145"]
[BlackElo "1958"]
[BlackRD "127"]
[GameID "29503"]

1. Nf3 d5 2. Nc3 c5 3. d4 e6 4. g3 Nf6 5. Bg5 Be7 6. Bxf6 Bxf6 7. dxc5 Qa5 8. b4 Qxb4 9. Qd2 Bxc3 10. a3 Bxd2+
11. Nxd2 Qxc5 12. e4 O-O 13. exd5 Qxd5 14. f3 Qe5+ 15. Ne4 Qxa1+ 16. Ke2 Nc6 17. Bg2 Qxa3 18. f4 e5 19. f5 Bxf5 20. Rb1 Rad8
21. c3 Qa2+ 22. Ke3 Qxb1 23. Nd2 Qe1+ 24. Kf3 Rd3#
0-1

[Event "New Player's Tournament"]
[Site "SchemingMind.com"]
[Date "2005.11.07"]
[Round "-"]
[White "OmarRodrigoBerumen"]
[Black "MarketTheHay"]
[Result "0-1"]
[WhiteCountry "MEX"]
[BlackCountry "ENG"]
[WhiteElo "1393"]
[WhiteRD "145"]
[BlackElo "1728"]
[BlackRD "102"]
[GameID "29504"]

1. e4 c5 2. e5 Nc6 3. e6 dxe6 4. Nf3 Nf6 5. Bb5 Bd7 6. Bxc6 Bxc6 7. Ng5 Bxg2 8. Rg1 Bd5 9. Nc3 g6 10. Qe2 Bg7
11. Qb5+ Nd7 12. Na4 Bc6 13. Qb3 Qc7 14. Rg4 Qe5+ 15. Qe3 Qxe3+ 16. fxe3 Bxa4 17. b3 Bc6 18. Rb1 h6 19. Nh3 O-O-O
0-1

[Event "New Player's Tournament"]
[Site "SchemingMind.com"]
[Date "2005.11.04"]
[Round "-"]
[White "mkefeli"]
[Black "OmarRodrigoBerumen"]
[Result "1-0"]
[WhiteCountry "TUR"]
[BlackCountry "MEX"]
[WhiteElo "1958"]
[WhiteRD "127"]
[BlackElo "1393"]
[BlackRD "145"]
[GameID "29505"]

1. d4 Nc6 2. d5 Ne5 3. e4 Nf6 4. f4 Ng6 5. e5 Ne4 6. Qd4 f5 7. exf6 Ng5 8. fxg5 e5 9. dxe6 dxe6 10. f7+ Ke7
11. Nf3 Qxd4 12. Nxd4 e5 13. Nb3 Be6 14. Bd3 Nh4 15. O-O Bxb3 16. axb3 g6 17. Nc3 h5 18. g3 Nf5 19. Bxf5 gxf5 20. Rxf5 Rh7
21. g6 Rg7 22. Bg5+
1-0

[Event "New Player's Tournament"]
[Site "SchemingMind.com"]
[Date "2005.11.04"]
[Round "-"]
[White "MarketTheHay"]
[Black "OmarRodrigoBerumen"]
[Result "1-0"]
[WhiteCountry "ENG"]
[BlackCountry "MEX"]
[WhiteElo "1728"]
[WhiteRD "102"]
[BlackElo "1393"]
[BlackRD "145"]
[GameID "29506"]

1. c4 d5 2. cxd5 Qxd5 3. Nc3 Qa5 4. d4 Nf6 5. Nf3 Ne4 6. Bd2 Qb4 7. Nxe4 Qxb2 8. e3 Bg4 9. Be2 Bxf3 10. Bxf3 Nc6
11. O-O f5 12. Nc5 e5 13. Bxc6+ bxc6 14. Qa4 Qb5 15. Qxb5 cxb5 16. Rfc1 Bxc5 17. Rxc5 exd4 18. exd4 O-O-O 19. Rac1 Rxd4 20. Rxc7+ Kb8
21. Be3 Rd2 22. Bxd2 Rd8 23. Bf4 Rd3 24. Rd7+ Rd6 25. Bxd6+ Ka8 26. Rc8#
1-0

[Event "New Player's Tournament"]
[Site "SchemingMind.com"]
[Date "2005.11.05"]
[Round "-"]
[White "roelie"]
[Black "OmarRodrigoBerumen"]
[Result "1-0"]
[WhiteCountry "NED"]
[BlackCountry "MEX"]
[WhiteElo "1661"]
[WhiteRD "119"]
[BlackElo "1393"]
[BlackRD "145"]
[GameID "29608"]

1. e4 e5 2. Nf3 Bd6 3. Bc4 Nh6 4. d4 exd4 5. Qxd4 c5 6. Qxg7 Ke7 7. Bg5+ Ke8 8. Bxd8 Rg8 9. Bxf7+ Nxf7 10. Qxg8+ Bf8
11. Bf6 d6 12. Nc3 h6 13. Nd5 Be6 14. Nc7+ Kd7 15. Nxa8
1-0

[Event "New Player's Tournament"]
[Site "SchemingMind.com"]
[Date "2005.11.05"]
[Round "-"]
[White "roelie"]
[Black "mkefeli"]
[Result "0-1"]
[WhiteCountry "NED"]
[BlackCountry "TUR"]
[WhiteElo "1617"]
[WhiteRD "168"]
[BlackElo "2067"]
[BlackRD "138"]
[GameID "29609"]

1. e4 e5 2. Nf3 Nc6 3. Nc3 Bb4 4. a3 Bxc3 5. dxc3 Nge7 6. Bc4 d6 7. Ng5 d5 8. exd5 Na5 9. Qe2 Nxc4 10. Qxc4 Qxd5
11. Qxd5 Nxd5 12. O-O f6 13. Nf3 Bf5 14. c4 Nb6 15. b4 Nxc4 16. Be3 O-O-O 17. Bxa7 b6 18. a4 Kb7 19. a5 Kxa7 20. axb6+ Kxb6
21. Rfd1 Bxc2 22. Rdc1 Bd3 23. h3 Ra8 24. Rxa8 Rxa8 25. Rc3 e4 26. Nd4 Ra1+ 27. Kh2 Rb1 28. f3 Rxb4 29. fxe4 Bxe4 30. Kg3 Ne5
31. h4 Rxd4 32. Re3 Rd3 33. Kf4 Rxe3 34. Kxe3 Bxg2 35. Kf2 Bd5 36. Ke3 c5 37. Kf4 c4 38. Ke3 c3 39. Ke2 Bb3 40. Ke3 Nc4+
41. Kd3 c2 42. Kc3 c1=Q+ 43. Kxb3 Kb5 44. h5 h6 45. Ka2 Qb2#
0-1

[Event "New Player's Tournament"]
[Site "SchemingMind.com"]
[Date "2005.11.05"]
[Round "-"]
[White "roelie"]
[Black "MarketTheHay"]
[Result "0-1"]
[WhiteCountry "NED"]
[BlackCountry "ENG"]
[WhiteElo "1617"]
[WhiteRD "168"]
[BlackElo "1628"]
[BlackRD "131"]
[GameID "29610"]

1. e4 c5 2. Nf3 d6 3. Nc3 Nc6 4. Bc4 Nf6 5. d3 g6 6. Ng5 Ne5 7. Bf4 Nxc4 8. dxc4 Bd7 9. O-O Bg7 10. Nd5 O-O
11. Re1 Nxd5 12. exd5 Bxb2 13. Rb1 Bc3 14. Re3 Bd4 15. Reb3 b6 16. c3 Bg7 17. Qd3 h6 18. Ne4 Bf5 19. f3 g5 20. Be3 Bh7
21. Rf1 f5 22. Nxg5 hxg5 23. Bxg5 Qd7 24. Qe3 Qa4 25. Bxe7 Rae8 26. Qg5 Rf7 27. Re1 Qxa2 28. Rbb1 Rfxe7 29. Rxe7 Qxb1+ 30. Kf2 Qc2+
31. Kg3 Rxe7 32. Qxe7 Be5+ 33. Kh4 Bg6 34. Qg5 Kf7 35. f4 Bf6 36. Qxf6+ Kxf6 37. g3 Qxh2#
0-1

[Event "New Player's Tournament"]
[Site "SchemingMind.com"]
[Date "2005.11.07"]
[Round "-"]
[White "OmarRodrigoBerumen"]
[Black "roelie"]
[Result "0-1"]
[WhiteCountry "MEX"]
[BlackCountry "NED"]
[WhiteElo "1555"]
[WhiteRD "139"]
[BlackElo "1749"]
[BlackRD "111"]
[GameID "29611"]

1. Nc3 e5 2. Nf3 Nc6 3. e3 Nf6 4. Bb5 e4 5. Nh4 d5 6. Bxc6+ bxc6 7. O-O Ng4 8. f3 Qxh4 9. h3 Bd6 10. fxg4 O-O
11. d3 exd3 12. Qxd3 Qg5 13. Rf5 Bxf5 14. gxf5 Bc5 15. Na4 Bb6 16. Kh1 Rfe8 17. Nxb6 cxb6 18. e4 Qf6 19. exd5 Rad8 20. g4 Rxd5
21. Qg3 Rd1+ 22. Kg2 Qe5 23. Qf3 Qe2+ 24. Kg3 Rg1+ 25. Kf4 Rf1 26. Qxf1 Qxf1+ 27. Kg3 Re1 28. a4 Rxc1 29. Ra3 Rxc2 30. Rd3 Qxd3+
0-1

[Event "New Player's Tournament"]
[Site "SchemingMind.com"]
[Date "2005.11.05"]
[Round "-"]
[White "mkefeli"]
[Black "roelie"]
[Result "1-0"]
[WhiteCountry "TUR"]
[BlackCountry "NED"]
[WhiteElo "2067"]
[WhiteRD "138"]
[BlackElo "1617"]
[BlackRD "168"]
[GameID "29612"]

1. d4 d5 2. Nf3 Nc6 3. g3 Bf5 4. Bg2 Nf6 5. O-O e6 6. c4 dxc4 7. Qa4 Bd6 8. Qxc4 O-O 9. Nc3 e5 10. dxe5 Bxe5
11. Nxe5 Nxe5 12. Qf4 Re8 13. Qxf5 Nc4 14. Bg5 Re6 15. Nd5 c6 16. Nxf6+ Rxf6 17. Bxf6 Qxf6 18. Qxf6 gxf6 19. Rac1 Ne5 20. Rfd1 Re8
21. b4 Ng6 22. e3 f5 23. Rd7 Ne5 24. Rxb7 Nd3 25. Rxc6 Rd8 26. Rcc7 f4 27. Rxf7 fxe3 28. Rg7+ Kf8 29. Rbf7+ Ke8 30. Bc6+ Rd7
31. Bxd7+ Kd8 32. Bb5 exf2+ 33. Kf1 Nc5 34. Rf8#
1-0

[Event "New Player's Tournament"]
[Site "SchemingMind.com"]
[Date "2005.11.05"]
[Round "-"]
[White "MarketTheHay"]
[Black "roelie"]
[Result "1-0"]
[WhiteCountry "ENG"]
[BlackCountry "NED"]
[WhiteElo "1728"]
[WhiteRD "102"]
[BlackElo "1661"]
[BlackRD "119"]
[GameID "29613"]

1. c4 e5 2. Nc3 Nf6 3. d3 Bb4 4. e4 Nc6 5. g3 d6 6. Bg2 Be6 7. Ne2 O-O 8. O-O Nd4 9. f4 Nxe2+ 10. Nxe2 Bc5+
11. Kh1 exf4 12. Nxf4 Ng4 13. Nxe6 fxe6 14. Qxg4 Rxf1+ 15. Bxf1 Qf6 16. Bh3 Qf2 17. Qxe6+ Kh8 18. Bg5 Qxb2 19. Rf1 Qd4 20. Qd5 Qxd5
21. exd5 c6 22. dxc6 bxc6 23. Bd2 d5 24. cxd5 cxd5 25. Rf5 g6 26. Rxd5 Be7 27. Be6 h5 28. Rd7 Bf6 29. d4 Bxd4 30. Rxd4 Re8
31. Bf7 Rf8 32. Bxg6 Kg7 33. Bxh5 Rf6 34. Rd7+ Kg8 35. Bc3 Rf8 36. Bg4 Rf1+ 37. Kg2 Rc1 38. Bg7 Rc6 39. h4 a5 40. h5 a4
41. Kf3 a3 42. Kf4 Rb6 43. Ke5 Rc6 44. h6 Rxh6 45. Bxh6 Kh8 46. Kf6 Kg8 47. Be6+ Kh8 48. Rd8+ Kh7 49. Re8 Kxh6 50. Rh8#
1-0

[Event "New Player's Tournament"]
[Site "SchemingMind.com"]
[Date "2005.11.06"]
[Round "-"]
[White "Rastaro"]
[Black "OmarRodrigoBerumen"]
[Result "0-1"]
[WhiteCountry "NZL"]
[BlackCountry "MEX"]
[WhiteElo "1506"]
[WhiteRD "136"]
[BlackElo "1393"]
[BlackRD "145"]
[GameID "29644"]

1. e4 Nf6 2. e5 Nd5 3. d4 Nc6 4. c4 Ndb4 5. a3 Na6 6. b4 d5 7. b5 dxc4 8. bxc6 b6 9. Bxc4 Nb8 10. Qf3 Qxd4
11. Qxf7+ Kd8 12. Ra2 Qxe5+ 13. Re2 Be6 14. Bxe6 Qa5+ 15. Rd2+ Nd7 16. Bxd7 h5
0-1

[Event "New Player's Tournament"]
[Site "SchemingMind.com"]
[Date "2005.11.06"]
[Round "-"]
[White "Rastaro"]
[Black "roelie"]
[Result "0-1"]
[WhiteCountry "NZL"]
[BlackCountry "NED"]
[WhiteElo "1506"]
[WhiteRD "136"]
[BlackElo "1661"]
[BlackRD "119"]
[GameID "29645"]

1. e4 e5 2. f4 exf4 3. Nf3 Nc6 4. d4 Nf6 5. Qe2 Be7 6. d5 Na5 7. Bxf4 d6 8. b4 Nc6 9. dxc6 bxc6 10. Nc3 Bg4
11. Qa6 Bd7 12. Nd4 c5 13. Nc6 Bxc6 14. Qxc6+ Nd7 15. Nd5 O-O 16. Qxc7 Qxc7
0-1

[Event "New Player's Tournament"]
[Site "SchemingMind.com"]
[Date "2005.11.06"]
[Round "-"]
[White "Rastaro"]
[Black "mkefeli"]
[Result "0-1"]
[WhiteCountry "NZL"]
[BlackCountry "TUR"]
[WhiteElo "1506"]
[WhiteRD "136"]
[BlackElo "1958"]
[BlackRD "127"]
[GameID "29646"]

1. e4 e5 2. Nf3 Nc6 3. Bb5 a6 4. Ba4 Nf6 5. d4 exd4 6. O-O Be7 7. Re1 b5 8. Bb3 d6 9. Bd5 Nxd5 10. exd5 Ne5
11. Nxd4 Bg4 12. f3 Bd7 13. f4 Ng6 14. Nc6 Bxc6 15. dxc6 O-O 16. Nc3 Re8 17. Nd5 a5 18. Bd2 Ra6 19. Kh1 Rxc6 20. Bxa5 Rc5
0-1

[Event "New Player's Tournament"]
[Site "SchemingMind.com"]
[Date "2005.11.06"]
[Round "-"]
[White "Rastaro"]
[Black "MarketTheHay"]
[Result "0-1"]
[WhiteCountry "NZL"]
[BlackCountry "ENG"]
[WhiteElo "1506"]
[WhiteRD "136"]
[BlackElo "1728"]
[BlackRD "102"]
[GameID "29647"]

1. e4 c5 2. Nf3 d6 3. d4 cxd4 4. Nxd4 Nf6 5. Nc3 e6 6. Be3 Be7 7. Bb5+ Bd7 8. O-O O-O 9. Be2 a6 10. Qd3 Nc6
11. Nxc6 Bxc6 12. Rfd1 b5 13. a3 Rc8 14. Bf4 Qb6 15. Bxd6 Bxd6 16. Qxd6 Rfd8 17. Qe5 Bb7 18. Rxd8+ Rxd8 19. Rd1 Rxd1+ 20. Bxd1 Qd8
21. Be2 h6 22. Qf4 Qa8 23. Bd3 Bc6
0-1

[Event "New Player's Tournament"]
[Site "SchemingMind.com"]
[Date "2005.11.07"]
[Round "-"]
[White "OmarRodrigoBerumen"]
[Black "Rastaro"]
[Result "0-1"]
[WhiteCountry "MEX"]
[BlackCountry "NZL"]
[WhiteElo "1393"]
[WhiteRD "145"]
[BlackElo "1506"]
[BlackRD "136"]
[GameID "29648"]

1. e4 e5 2. Nc3 Nf6 3. Nd5 Nxd5 4. exd5 c5 5. dxc6 Nxc6 6. Nf3 e4 7. Ng1 d5 8. Bb5 Qb6 9. Bxc6+ bxc6 10. Qh5 Bc5
11. f3 Bxg1 12. Qe5+ Be6 13. Qxg7 Qf2+ 14. Kd1 Qf1#
0-1

[Event "New Player's Tournament"]
[Site "SchemingMind.com"]
[Date "2005.11.06"]
[Round "-"]
[White "roelie"]
[Black "Rastaro"]
[Result "1-0"]
[WhiteCountry "NED"]
[BlackCountry "NZL"]
[WhiteElo "1661"]
[WhiteRD "119"]
[BlackElo "1506"]
[BlackRD "136"]
[GameID "29649"]

1. e4 e5 2. Nf3 f5 3. exf5 e4 4. Ng5 Qxg5 5. Qe2 Ne7 6. Qxe4 d5 7. Qe3 Qxe3+ 8. dxe3 Bxf5 9. Bd3 Nbc6 10. Nc3 Nb4
11. Bd2 Bxd3 12. cxd3 Nc2+ 13. Ke2 Nxa1 14. Rxa1 c6 15. d4 Nf5 16. e4
1-0

[Event "New Player's Tournament"]
[Site "SchemingMind.com"]
[Date "2005.11.06"]
[Round "-"]
[White "mkefeli"]
[Black "Rastaro"]
[Result "1-0"]
[WhiteCountry "TUR"]
[BlackCountry "NZL"]
[WhiteElo "1958"]
[WhiteRD "127"]
[BlackElo "1506"]
[BlackRD "136"]
[GameID "29650"]

1. d4 Nf6 2. Nf3 d5 3. g3 c6 4. Bg2 Bf5 5. O-O h6 6. c4 e6 7. Nc3 Nbd7 8. cxd5 exd5 9. Bf4 g5 10. Be5 Nxe5
11. Nxe5 Qb6 12. Na4 Qc7 13. Rc1 Bd6 14. Qb3 O-O 15. Nc5 Rab8 16. Ncd3 Rfe8 17. Rfe1 Qb6 18. Qxb6 axb6 19. a3 Ra8 20. e3
1-0

[Event "New Player's Tournament"]
[Site "SchemingMind.com"]
[Date "2005.11.06"]
[Round "-"]
[White "MarketTheHay"]
[Black "Rastaro"]
[Result "0-1"]
[WhiteCountry "ENG"]
[BlackCountry "NZL"]
[WhiteElo "1728"]
[WhiteRD "102"]
[BlackElo "1506"]
[BlackRD "136"]
[GameID "29651"]

1. c4 c6 2. Nc3 d5 3. cxd5 cxd5 4. d4 Nf6 5. Nf3 Nc6 6. Bf4 Bf5 7. e3 e6 8. Bb5 Nd7 9. O-O Rc8 10. Rc1 Be7
11. Bxc6 Rxc6 12. Ne5 Nxe5 13. Bxe5 O-O 14. g4 Bg6 15. f4 Bb4 16. f5 exf5 17. gxf5 Bxc3 18. bxc3 Qg5+ 19. Kh1 Bxf5
0-1

[Event "New Player's Tournament"]
[Site "SchemingMind.com"]
[Date "2005.11.06"]
[Round "-"]
[White "Bickerstiff"]
[Black "roelie"]
[Result "0-1"]
[WhiteCountry "ENG"]
[BlackCountry "NED"]
[WhiteElo "1209"]
[WhiteRD "148"]
[BlackElo "1617"]
[BlackRD "168"]
[GameID "29653"]

1. e3 e5 2. Bc4 Nf6 3. d4 exd4 4. exd4 d5 5. Bb5+ c6 6. Be2 c5 7. dxc5 Bxc5 8. Nf3 Nc6 9. O-O O-O 10. b3 Qd6
0-1

[Event "New Player's Tournament"]
[Site "SchemingMind.com"]
[Date "2005.11.06"]
[Round "-"]
[White "Bickerstiff"]
[Black "mkefeli"]
[Result "0-1"]
[WhiteCountry "ENG"]
[BlackCountry "TUR"]
[WhiteElo "1381"]
[WhiteRD "197"]
[BlackElo "2004"]
[BlackRD "155"]
[GameID "29654"]

1. e3 d5 2. Bb5+ c6 3. Ba4 e5 4. d4 e4 5. Nc3 Be7 6. Nge2 f5 7. O-O Nf6 8. Nf4 O-O 9. Bb3 Kh8 10. f3 Qd6
11. g4 exf3 12. Qxf3 Nxg4 13. Nfxd5 Qxh2#
0-1

[Event "New Player's Tournament"]
[Site "SchemingMind.com"]
[Date "2005.11.06"]
[Round "-"]
[White "mkefeli"]
[Black "Bickerstiff"]
[Result "1-0"]
[WhiteCountry "TUR"]
[BlackCountry "ENG"]
[WhiteElo "2067"]
[WhiteRD "138"]
[BlackElo "1209"]
[BlackRD "148"]
[GameID "29659"]

1. d4 Nc6 2. Nf3 g6 3. g3 Bg7 4. Bg2 Nxd4 5. Nxd4 Bxd4 6. Qxd4 f6 7. c4 e5 8. Qd1 d6 9. Nc3 Ne7 10. Nd5 Be6
11. Nxf6+ Kf7 12. Nd5 c6 13. Nxe7 Qxe7 14. b3 d5 15. cxd5 cxd5 16. O-O
1-0

[Event "New Player's Tournament"]
[Site "SchemingMind.com"]
[Date "2005.11.09"]
[Round "-"]
[White "boran"]
[Black "OmarRodrigoBerumen"]
[Result "0-1"]
[WhiteCountry "SLO"]
[BlackCountry "MEX"]
[WhiteElo "1602"]
[WhiteRD "122"]
[BlackElo "1555"]
[BlackRD "139"]
[GameID "29886"]

1. d4 d5 2. Nc3 Nf6 3. Bg5 Ne4 4. Nxe4 Nc6 5. Nc3 Bf5 6. e4 h6 7. exf5 Qd6 8. Be3 e5 9. dxe5 Nxe5 10. Qxd5 O-O-O
11. Qe4 c5 12. Rd1 Qc6 13. Qxc6+ bxc6 14. Ba6+ Kb8 15. Rxd8+ Kc7
0-1

[Event "New Player's Tournament"]
[Site "SchemingMind.com"]
[Date "2005.11.09"]
[Round "-"]
[White "boran"]
[Black "roelie"]
[Result "0-1"]
[WhiteCountry "SLO"]
[BlackCountry "NED"]
[WhiteElo "1602"]
[WhiteRD "122"]
[BlackElo "1749"]
[BlackRD "111"]
[GameID "29887"]

1. d4 d5 2. Nc3 Nf6 3. Bg5 e6 4. e4 dxe4 5. Nxe4 Be7 6. Bxf6 Bxf6 7. Nf3 Nc6 8. c3 O-O 9. Bd3 e5 10. d5 Ne7
11. Nxf6+ gxf6 12. Qc2 f5 13. Nxe5 Qxd5 14. f4 f6 15. Bc4 Qxc4 16. Nxc4 Be6 17. Na5 b6 18. Nb3 Nd5 19. O-O Ne3 20. Qe2 Bxb3
21. Qxe3 Bc4 22. Rfe1 Rae8 23. Qc5 bxc5 24. b3 Rxe1+ 25. Rxe1 Ba6 26. Re7 Rf7 27. Re8+ Rf8 28. Re7 Rc8 29. Re6 Bd3 30. Rc6 Re8
0-1

[Event "New Player's Tournament"]
[Site "SchemingMind.com"]
[Date "2005.11.09"]
[Round "-"]
[White "boran"]
[Black "mkefeli"]
[Result "1-0"]
[WhiteCountry "SLO"]
[BlackCountry "TUR"]
[WhiteElo "1948"]
[WhiteRD "145"]
[BlackElo "1958"]
[BlackRD "127"]
[GameID "29888"]

1. d4 d5 2. c4 e6 3. Nc3 c6 4. e3 Nf6 5. Nf3 Be7 6. Bd3 O-O 7. O-O Nbd7 8. b3 b6 9. Bb2 Bb7 10. Rc1 Rc8
11. Qe2 Re8 12. h3 Bf8 13. Rce1 c5 14. Rd1 Qc7 15. cxd5 exd5 16. Nb5 Qb8 17. a4 a6 18. Nc3 cxd4 19. Nxd4 Nc5 20. Bf5 Rcd8
21. b4 Ne6 22. Na2 Ne4 23. Nxe6 fxe6 24. Bxe4 dxe4 25. Qg4 Rd3 26. Nc1 Rd5 27. Na2 Qd8 28. Be5 Qd7 29. Nc3 Rd3 30. b5 Rd8
31. bxa6 Bxa6 32. Rc1 Ba3 33. Nxe4 Qf7 34. Rc7 Be7 35. Ng5
1-0

[Event "New Player's Tournament"]
[Site "SchemingMind.com"]
[Date "2005.11.09"]
[Round "-"]
[White "boran"]
[Black "MarketTheHay"]
[Result "1-0"]
[WhiteCountry "SLO"]
[BlackCountry "ENG"]
[WhiteElo "1870"]
[WhiteRD "150"]
[BlackElo "1628"]
[BlackRD "131"]
[GameID "29889"]

1. d4 d5 2. Bg5 Bf5 3. e3 Nc6 4. Nc3 Qd7 5. Bf4 O-O-O 6. Nf3 h6 7. Nb5 a6 8. Nxc7 e5 9. Nxe5 Qxc7 10. Nc4 Qxf4
11. Nb6+ Kc7 12. exf4 Kxb6 13. Be2 Nf6 14. g4 Bd7 15. g5 hxg5 16. fxg5 Ne4 17. c3 Nxg5 18. Qb3+ Ka7 19. Qxd5 f6 20. h4 Be6
21. Qg2 Bd5 22. f3 Ne6 23. Qg4 Nc7 24. Bd3 Re8+ 25. Kd1 Bf7 26. Re1 Bh5 27. Qg3 Rxe1+ 28. Kxe1 Nd5 29. Kf2 g6 30. Be4 Nce7
31. Qd6
1-0

[Event "New Player's Tournament"]
[Site "SchemingMind.com"]
[Date "2005.11.09"]
[Round "-"]
[White "boran"]
[Black "Rastaro"]
[Result "0-1"]
[WhiteCountry "SLO"]
[BlackCountry "NZL"]
[WhiteElo "1602"]
[WhiteRD "134"]
[BlackElo "1460"]
[BlackRD "142"]
[GameID "29891"]

1. d4 Nf6 2. c3 d5 3. Bg5 Ne4 4. Bf4 e6 5. Nd2 Nxd2 6. Qxd2 Nc6 7. Nf3 f6 8. h4 Bd6 9. O-O-O Bxf4 10. Qxf4 O-O
11. e4 e5
0-1

[Event "New Player's Tournament"]
[Site "SchemingMind.com"]
[Date "2005.11.10"]
[Round "-"]
[White "OmarRodrigoBerumen"]
[Black "boran"]
[Result "1-0"]
[WhiteCountry "MEX"]
[BlackCountry "SLO"]
[WhiteElo "1555"]
[WhiteRD "139"]
[BlackElo "1602"]
[BlackRD "122"]
[GameID "29892"]

1. Nf3 d5 2. Nc3 a6 3. g3 d4 4. Na4 b5 5. Nc5 e5 6. Nb3 e4 7. Nfxd4 c5 8. Bg2 cxd4 9. Bxe4 Ra7 10. d3 Nf6
11. Bg5 h6 12. Bxf6 Qxf6 13. Nc5 Bxc5 14. a4
1-0

[Event "New Player's Tournament"]
[Site "SchemingMind.com"]
[Date "2005.11.09"]
[Round "-"]
[White "roelie"]
[Black "boran"]
[Result "1-0"]
[WhiteCountry "NED"]
[BlackCountry "SLO"]
[WhiteElo "1749"]
[WhiteRD "111"]
[BlackElo "1602"]
[BlackRD "122"]
[GameID "29893"]

1. e4 c6 2. Nf3 d5 3. exd5 cxd5 4. d4 Nc6 5. Nc3 Bg4 6. Be3 e6 7. Bb5 Nf6 8. h3 Bxf3 9. Qxf3 Qb6 10. O-O-O Bb4
11. Bxc6+ bxc6 12. Qg3 Bxc3 13. b3 Qa5 14. a4 Qb4 15. Rd3 Qa3+ 16. Kd1 Qa1+ 17. Bc1 Bxd4 18. Qf4 Ne4 19. Rf1 e5 20. Qg4 O-O
21. f3 Nc5 22. Rd2 Bb2 23. Ke2 Bxc1 24. Rdd1 Nxb3 25. cxb3 Qb2+ 26. Ke1 Qc3+ 27. Kf2 Be3+ 28. Kg3 Bf4+ 29. Kh4 f5 30. Rc1
1-0

[Event "New Player's Tournament"]
[Site "SchemingMind.com"]
[Date "2005.11.09"]
[Round "-"]
[White "mkefeli"]
[Black "boran"]
[Result "1-0"]
[WhiteCountry "TUR"]
[BlackCountry "SLO"]
[WhiteElo "1997"]
[WhiteRD "110"]
[BlackElo "1602"]
[BlackRD "122"]
[GameID "29894"]

1. d4 Nf6 2. Nf3 b5 3. a4 b4 4. g3 e6 5. Bg2 Bb7 6. O-O Nc6 7. c4 bxc3 8. Nxc3 Be7 9. Bf4 Rb8 10. Rc1 O-O
11. Re1 Ba6 12. b3 Ba3 13. Rb1 d5 14. Ne5 Nxe5 15. Bxe5 Bb4 16. Qc2 Ng4 17. Bf4 Qf6 18. Bf3 Nxf2 19. Be5 Bd3 20. exd3 Qxf3
21. Qxf2 Qxf2+ 22. Kxf2 Bxc3 23. Rec1 f6 24. Rxc3 fxe5+ 25. Ke3 Rb4 26. Rxc7 exd4+ 27. Ke2 a5 28. Re7 Rb6 29. Rc1 Rxb3 30. Rcc7 Rb2+
31. Ke1 Rxh2 32. Rxg7+ Kh8 33. Ra7 e5 34. Rge7
1-0

[Event "New Player's Tournament"]
[Site "SchemingMind.com"]
[Date "2005.11.09"]
[Round "-"]
[White "MarketTheHay"]
[Black "boran"]
[Result "0-1"]
[WhiteCountry "ENG"]
[BlackCountry "SLO"]
[WhiteElo "1628"]
[WhiteRD "131"]
[BlackElo "1870"]
[BlackRD "150"]
[GameID "29895"]

1. c4 g6 2. Nc3 d6 3. e4 Nf6 4. d3 Bg7 5. g3 Nc6 6. Nge2 O-O 7. Bg2 Bg4 8. h3 Bd7 9. Be3 e5 10. O-O Qc8
11. Kh2 Nb4 12. a3 Na6 13. Nd5 Nxd5 14. cxd5 c5 15. Qd2 Qc7 16. Rfc1 f5 17. d4 exd4 18. Bxd4 Bxd4 19. Nxd4 fxe4 20. Bxe4 Qb6
21. Ne6 Bxe6 22. dxe6 Nc7 23. Re1 Rae8 24. Bd5 Nxd5 25. Qxd5 Rxf2+ 26. Kh1 Qxb2 27. Rf1 Qe5 28. Qxb7 Ref8
0-1

[Event "New Player's Tournament"]
[Site "SchemingMind.com"]
[Date "2005.11.10"]
[Round "-"]
[White "Rastaro"]
[Black "boran"]
[Result "1-0"]
[WhiteCountry "NZL"]
[BlackCountry "SLO"]
[WhiteElo "1460"]
[WhiteRD "142"]
[BlackElo "1602"]
[BlackRD "134"]
[GameID "29897"]

1. e4 e5 2. d4 exd4 3. c3 dxc3 4. Bc4 cxb2 5. Bxb2 Qe7 6. Qe2 d6 7. Nf3 Be6 8. O-O Nc6 9. Nc3 Nf6 10. Rfe1 O-O-O
11. Nd5
1-0